| 000 | 01535cad a22002295a 4500 | ||
|---|---|---|---|
| 001 | L145028 | ||
| 008 | 080902e20080822xxkado f s 000 0 eng d | ||
| 035 | _a(Sirsi) u145028 | ||
| 041 | 0 | _aeng | |
| 050 | 0 | 4 | _a306.1 $2 18 |
| 110 | 2 |
_aUnited Kingdom _bHousing Corporation _bCentre for Research and Market Intelligence _95608 |
|
| 245 | 0 | 0 |
_aHousing aspirations and shared ownership _h[electronic resource] |
| 260 |
_aHousing Corporation _bLondon _c2008 |
||
| 505 | 2 | _aShared ownership - what is it and what role does it play? -- The profile of shared owners -- Demand for shared ownership | |
| 520 | _aLooks at shared ownership as distinct from schemes such as Open market HomeBuy and discusses the typical profiles of those using it and the role of shared ownership in the housing market. Authors state that it is very hard to predict demand for shared ownership schemes and that the government should not be looking to attract only first time buyers, but also those who can no longer afford the costs of full home onwership. Advocates improved provision of information about shared ownership schemes and warns that shared ownership schemes are susceptible to market downturns. | ||
| 521 | _aAdvanced | ||
| 651 | 4 |
_aEngland and Wales _y1543- |
|
| 690 | _aPROPERTY-RESIDENTIAL PROPERTY-DOMESTIC RESIDENTIAL PROPERTY-HOUSING | ||
| 710 | 1 |
_aChartered Institute of Housing _92394 |
|
| 856 | 4 | 0 |
_uhttps://www.housingcorp.gov.uk/server/show/ConWebDoc.14822 _zView the item free of charge online at www.housingcorp.gov.uk... |
| 942 | _n0 | ||
| 999 |
_c108677 _d108677 |
||